[Event "San Francisco TNM Wilkerson U2000 op"]
[Site "San Francisco"]
[Date "2020.02.18"]
[Round "6"]
[White "Gurovich, Roman"]
[Black "Mays, Jerry L"]
[Result "1-0"]
[WhiteElo "1817"]
[BlackElo "1551"]
[PlyCount "53"]
[EventDate "2020.01.07"]
[EventType "swiss"]
[EventRounds "7"]
[EventCountry "USA"]
[SourceTitle "EXT 2021"]
[Source "ChessBase"]
[SourceDate "2020.10.23"]
[SourceVersion "1"]
[SourceVersionDate "2020.10.23"]
[SourceQuality "1"]

1. d4 g6 2. Bf4 d6 3. Nf3 Bg7 4. e3 c5 5. c3 Qb6 6. Na3 a6 7. Nc4 Qc7 8. a4 Bg4 9. dxc5 Be5 10. cxd6 exd6 11. Nxd6+ Qxd6 12. Qxd6 Bxd6 13. Bxd6 Nc6 14. Ne5 Be6 15. Nxc6 bxc6 16. c4 Ne7 17. Be2 Nf5 18. Be5 0-0 19. 0-0 Rfd8 20. Rfd1 Rd7 21. Rxd7 Bxd7 22. Re1 Be6 23. b4 Kf8 24. b5 cxb5 25. axb5 axb5 26. cxb5 Bb3 27. Rb1 1-0

[Event "San Francisco TNM Wilkerson U2000 op"]
[Site "San Francisco"]
[Date "2020.01.21"]
[Round "3"]
[White "Hack, Richard"]
[Black "Mays, Jerry L"]
[Result "0-1"]
[WhiteElo "1611"]
[BlackElo "1551"]
[PlyCount "84"]
[EventDate "2020.01.07"]
[EventType "swiss"]
[EventRounds "7"]
[EventCountry "USA"]
[SourceTitle "EXT 2021"]
[Source "ChessBase"]
[SourceDate "2020.10.23"]
[SourceVersion "1"]
[SourceVersionDate "2020.10.23"]
[SourceQuality "1"]

1. c4 g6 2. g3 Bg7 3. Nc3 c5 4. Bg2 Nc6 5. a3 Nf6 6. Nf3 0-0 7. 0-0 a6 8. d3 Rb8 9. Be3 d6 10. h3 b5 11. cxb5 axb5 12. Ne1 Bd7 13. Rb1 b4 14. Nd5 Nxd5 15. Bxd5 bxa3 16. bxa3 Rxb1 17. Qxb1 Bxh3 18. Bxc6 Bxf1 19. Kxf1 Qc7 20. Bb5 Rb8 21. a4 Qa5 22. Bd2 Qxd2 23. Qb3 Qc1 24. Qc2 Qxc2 25. Nxc2 Bc3 26. Ne3 e6 27. Nc4 d5 28. Nd6 Be5 29. Ne8 Kf8 30. f4 Rxb5 31. axb5 Kxe8 32. fxe5 Kd7 33. g4 h6 34. Kf2 Kc7 35. Kf3 Kb6 36. e4 d4 37. Ke2 Kxb5 38. Kd1 Kb4 39. Kc2 Ka3 40. Kc1 Kb3 41. Kd1 Kc3 42. Ke2 Kc2 0-1

[Event "San Francisco TNM Wilkerson U2000 op"]
[Site "San Francisco"]
[Date "2020.01.07"]
[Round "1"]
[White "Morgan, Jerry"]
[Black "Mays, Jerry L"]
[Result "0-1"]
[WhiteElo "1516"]
[BlackElo "1551"]
[PlyCount "74"]
[EventDate "2020.01.07"]
[EventType "swiss"]
[EventRounds "7"]
[EventCountry "USA"]
[SourceTitle "EXT 2021"]
[Source "ChessBase"]
[SourceDate "2020.10.23"]
[SourceVersion "1"]
[SourceVersionDate "2020.10.23"]
[SourceQuality "1"]

1. f4 c5 2. Nf3 Nc6 3. d3 d5 4. g3 Nf6 5. Bg2 g6 6. 0-0 Bg7 7. Qe1 0-0 8. c3 d4 9. Na3 Nd5 10. e4 dxe3 11. Bxe3 Nxe3 12. Qxe3 Re8 13. Nc2 Qb6 14. Rab1 Be6 15. d4 cxd4 16. Nfxd4 Nxd4 17. Nxd4 Bxa2 18. Nc2 Qxe3+ 19. Nxe3 Bxb1 20. Rxb1 Rab8 21. f5 e6 22. fxg6 hxg6 23. Nc4 Re7 24. Rd1 Rc7 25. Na5 Kf8 26. Kf2 Ke7 27. Ke2 f5 28. Rd2 Bf6 29. c4 g5 30. Ke3 Be5 31. Bxb7 Rbxb7 32. Nxb7 Rxb7 33. Kf3 Rxb2 34. Rxb2 Bxb2 35. h4 gxh4 36. gxh4 a5 37. c5 a4 0-1

[Event "San Francisco TNM Fall op"]
[Site "San Francisco"]
[Date "2017.12.12"]
[Round "8"]
[White "Mays, Jerry L"]
[Black "Chen, Alan"]
[Result "1-0"]
[WhiteElo "1700"]
[BlackElo "1508"]
[PlyCount "41"]
[EventDate "2017.10.24"]
[EventType "swiss"]
[EventRounds "9"]
[EventCountry "USA"]
[SourceTitle "EXT 2023"]
[Source "ChessBase"]
[SourceDate "2022.10.05"]
[SourceVersion "1"]
[SourceVersionDate "2022.10.05"]
[SourceQuality "1"]

1. e4 e5 2. Nf3 Nc6 3. Bb5 Nf6 4. 0-0 Bc5 5. c3 Nxe4 6. d4 exd4 7. cxd4 Be7 8. d5 a6 9. Bd3 Nxf2 10. Kxf2 Bc5+ 11. Be3 Bxe3+ 12. Kxe3 Qe7+ 13. Kd2 Qb4+ 14. Kc1 Ne7 15. Nc3 Qc5 16. Bc2 0-0 17. Qd4 d6 18. Bxh7+ Kxh7 19. Qh4+ Kg8 20. Ng5 Qe3+ 21. Kc2 1-0

[Event "San Francisco TNM Fall op"]
[Site "San Francisco"]
[Date "2017.10.31"]
[Round "2"]
[White "Mays, Jerry L"]
[Black "Cheng, Alfonso"]
[Result "0-1"]
[WhiteElo "1700"]
[BlackElo "1893"]
[PlyCount "74"]
[EventDate "2017.10.24"]
[EventType "swiss"]
[EventRounds "9"]
[EventCountry "USA"]
[SourceTitle "EXT 2023"]
[Source "ChessBase"]
[SourceDate "2022.10.05"]
[SourceVersion "1"]
[SourceVersionDate "2022.10.05"]
[SourceQuality "1"]

1. d4 d5 2. c4 e6 3. Nf3 Nf6 4. Nc3 Be7 5. g3 c6 6. Bg2 dxc4 7. 0-0 Nbd7 8. a3 a5 9. e4 Ra6 10. Qe2 b5 11. Bg5 h6 12. Bxf6 Nxf6 13. Rfd1 Qb6 14. d5 cxd5 15. exd5 Nxd5 16. Rxd5 exd5 17. Nxd5 Qc5 18. Qe5 Kf8 19. Nxe7 Qxe5 20. Nxe5 Kxe7 21. Re1 Kf6 22. f4 g6 23. g4 Re8 24. Kf2 Kg7 25. Be4 f6 26. Bxg6 Rxe5 27. fxe5 Kxg6 28. exf6 Rxf6+ 29. Kg3 Re6 30. Rd1 Re3+ 31. Kf4 Rd3 32. Re1 Rd4+ 33. Ke5 Rxg4 34. Kd5 Rg2 35. Re8 Bb7+ 36. Kc5 Rxb2 37. Rb8 c3 0-1

[Event "San Francisco Grey Memorial"]
[Site "San Francisco"]
[Date "2017.09.05"]
[Round "5"]
[White "Mays, Jerry L"]
[Black "Snyder, Larry"]
[Result "0-1"]
[WhiteElo "1741"]
[BlackElo "2073"]
[PlyCount "52"]
[EventDate "2017.08.08"]
[EventType "swiss"]
[EventRounds "9"]
[EventCountry "USA"]
[SourceTitle "EXT 2023"]
[Source "ChessBase"]
[SourceDate "2022.10.05"]
[SourceVersion "1"]
[SourceVersionDate "2022.10.05"]
[SourceQuality "1"]

1. e4 d5 2. exd5 Qxd5 3. Nc3 Qa5 4. d4 Nf6 5. Nf3 c6 6. Bc4 Bf5 7. Bd2 e6 8. Nd5 Qd8 9. Nxf6+ Qxf6 10. Bc3 Be4 11. d5 Bxf3 12. dxe6 Bxd1 13. exf7+ Qxf7 14. Bxf7+ Kxf7 15. Rxd1 Be7 16. 0-0 Rd8 17. Rxd8 Bxd8 18. Rd1 Be7 19. g3 c5 20. Rd5 b6 21. f4 g6 22. g4 Nc6 23. f5 Rd8 24. fxg6+ hxg6 25. Rxd8 Bxd8 26. Bd2 Nd4 0-1

[Event "San Francisco TNM Summer op"]
[Site "San Francisco"]
[Date "2017.07.11"]
[Round "7"]
[White "Mays, Jerry L"]
[Black "Krasnov, Steven Lender"]
[Result "0-1"]
[WhiteElo "1790"]
[BlackElo "1989"]
[PlyCount "101"]
[EventDate "2017.05.23"]
[EventType "swiss"]
[EventRounds "8"]
[EventCountry "USA"]
[SourceTitle "EXT 2023"]
[Source "ChessBase"]
[SourceDate "2022.10.05"]
[SourceVersion "1"]
[SourceVersionDate "2022.10.05"]
[SourceQuality "1"]

1. e4 c5 2. Nf3 d6 3. d4 cxd4 4. Nxd4 Nf6 5. Nc3 g6 6. Bc4 Bg7 7. 0-0 a6 8. Bb3 0-0 9. f3 Bd7 10. Be3 b5 11. Nd5 Nc6 12. Nxc6 Bxc6 13. Bb6 Qd7 14. Nxf6+ Bxf6 15. Bd4 Bg5 16. f4 Bh6 17. Qe2 Qb7 18. Rae1 Rae8 19. f5 Bg7 20. c3 a5 21. a3 b4 22. Bc4 bxc3 23. bxc3 d5 24. Bxg7 Kxg7 25. exd5 Bd7 26. fxg6 hxg6 27. Ba2 Qc7 28. Qe3 f6 29. Qd4 Qd6 30. Bc4 Rh8 31. Qf4 Qxa3 32. Qc7 Qd6 33. Qxd6 exd6 34. Rb1 Rb8 35. Ba6 a4 36. Bb7 Rh4 37. Bc6 Rxb1 38. Rxb1 Bxc6 39. dxc6 Rc4 40. Rb7+ Kh6 41. c7 Rxc3 42. Ra7 a3 43. Kf2 Rc2+ 44. Kf3 a2 45. Rxa2 Rxc7 46. Rd2 Rc6 47. Ke4 Kg5 48. Kd5 Ra6 49. Ke6 f5 50. g3 Kg4 51. Rxd6 0-1

[Event "San Francisco TNM Spring op"]
[Site "San Francisco"]
[Date "2017.04.11"]
[Round "5"]
[White "Mays, Jerry L"]
[Black "Simpkins, Jerry"]
[Result "1-0"]
[WhiteElo "1804"]
[BlackElo "1513"]
[PlyCount "57"]
[EventDate "2017.03.14"]
[EventType "swiss"]
[EventRounds "8"]
[EventCountry "USA"]
[SourceTitle "EXT 2023"]
[Source "ChessBase"]
[SourceDate "2022.10.05"]
[SourceVersion "1"]
[SourceVersionDate "2022.10.05"]
[SourceQuality "1"]

1. e4 e5 2. Nf3 f5 3. d4 fxe4 4. Nxe5 Nf6 5. Bc4 d5 6. Bb3 c6 7. 0-0 Bd6 8. Bg5 0-0 9. Nd2 Kh8 10. c4 Nbd7 11. cxd5 Bxe5 12. dxe5 Nxe5 13. Nxe4 Bg4 14. Qd4 Qe8 15. Bxf6 gxf6 16. Nxf6 Rxf6 17. f4 Nd7 18. dxc6 bxc6 19. Rae1 Qd8 20. Be6 Bxe6 21. Rxe6 Qb6 22. Qxb6 axb6 23. Re7 Nc5 24. f5 h5 25. a3 Nd3 26. Rd1 Nxb2 27. Rdd7 Raf8 28. Rh7+ Kg8 29. Rdg7# 1-0

[Event "San Francisco TNM Winter op"]
[Site "San Francisco"]
[Date "2017.02.07"]
[Round "6"]
[White "Mays, Jerry L"]
[Black "Malykin, Erika"]
[Result "1-0"]
[WhiteElo "1731"]
[BlackElo "1630"]
[PlyCount "59"]
[EventDate "2017.01.03"]
[EventType "swiss"]
[EventRounds "8"]
[EventCountry "USA"]
[SourceTitle "EXT 2018"]
[Source "ChessBase"]
[SourceDate "2017.10.13"]
[SourceVersion "1"]
[SourceVersionDate "2017.10.13"]
[SourceQuality "1"]

1. e4 c5 2. Nf3 Nc6 3. d4 cxd4 4. Nxd4 d6 5. Bc4 Nf6 6. Nc3 a6 7. Bb3 e6 8. 0-0 Be7 9. Be3 Bd7 10. f3 0-0 11. Qd2 Na5 12. Qf2 Rc8 13. Nxe6 fxe6 14. Bb6 Qe8 15. Bxa5 Ng4 16. Qb6 Rc6 17. Qxb7 Bc8 18. Qa7 d5 19. Bb6 Nxh2 20. Nxd5 Nxf3+ 21. Rxf3 Bd6 22. Bd4 Bd7 23. Rxf8+ Kxf8 24. Rf1+ Kg8 25. Nf4 Bb8 26. Qb7 Bxf4 27. Rxf4 Rd6 28. c3 Kh8 29. e5 Bc6 30. Qf7 1-0

[Event "San Francisco TNM Fall op"]
[Site "San Francisco"]
[Date "2016.12.06"]
[Round "8"]
[White "Robertson, Guy"]
[Black "Mays, Jerry L"]
[Result "0-1"]
[WhiteElo "1439"]
[BlackElo "1876"]
[PlyCount "46"]
[EventDate "2016.10.18"]
[EventType "swiss"]
[EventRounds "9"]
[EventCountry "USA"]
[SourceTitle "EXT 2018"]
[Source "ChessBase"]
[SourceDate "2017.10.13"]
[SourceVersion "1"]
[SourceVersionDate "2017.10.13"]
[SourceQuality "1"]

1. Nf3 d5 2. d3 c5 3. Nbd2 Nc6 4. g3 g6 5. Bg2 Bg7 6. e4 Bg4 7. h3 Bxf3 8. Bxf3 Ne5 9. exd5 Nf6 10. 0-0 Nxd5 11. Bg2 0-0 12. Qe2 Rb8 13. Re1 e6 14. Nf1 Qb6 15. Rb1 Nc6 16. Ne3 Nd4 17. Qd1 Nxe3 18. Bxe3 Nf5 19. Bd2 Qc7 20. b3 Bd4 21. a4 Qxg3 22. Re2 Nh4 23. Qf1 Nf3+ 0-1

[Event "San Francisco TNM Fall op"]
[Site "San Francisco"]
[Date "2016.11.08"]
[Round "4"]
[White "Smith, Mahlon A"]
[Black "Mays, Jerry L"]
[Result "1/2-1/2"]
[WhiteElo "2064"]
[BlackElo "1876"]
[PlyCount "90"]
[EventDate "2016.10.18"]
[EventType "swiss"]
[EventRounds "9"]
[EventCountry "USA"]
[SourceTitle "EXT 2018"]
[Source "ChessBase"]
[SourceDate "2017.10.13"]
[SourceVersion "1"]
[SourceVersionDate "2017.10.13"]
[SourceQuality "1"]

1. e4 e5 2. Qh5 Nc6 3. Bc4 g6 4. Qf3 Nf6 5. Ne2 Bg7 6. d3 0-0 7. h3 a6 8. a4 Nb4 9. Bb3 d5 10. Bd2 dxe4 11. dxe4 Qe7 12. c3 Nc6 13. Na3 Na5 14. Bc2 Be6 15. Be3 Nb3 16. Rb1 Rfd8 17. Nc1 Nxc1 18. Rxc1 Rd7 19. 0-0 Rad8 20. Rfd1 Nh5 21. a5 Qf6 22. Qxf6 Nxf6 23. f3 Nh5 24. Rxd7 Rxd7 25. Rd1 Rxd1+ 26. Bxd1 Nf4 27. Bc2 Bf8 28. Nb1 Bh6 29. Kh2 Bf8 30. Nd2 Be7 31. Nb3 f5 32. Nc5 Bc8 33. Bb3+ Kh8 34. g3 Nh5 35. exf5 gxf5 36. Ne6 Nxg3 37. Bh6 Bxe6 38. Bxe6 f4 39. Bc8 b6 40. Bxa6 bxa5 41. Bd3 a4 42. h4 Bxh4 43. Kh3 Be7 44. Kg4 a3 45. bxa3 Bxa3 1/2-1/2

[Event "San Francisco Benson Memorial"]
[Site "San Francisco"]
[Date "2016.09.06"]
[Round "6"]
[White "Mays, Jerry L"]
[Black "Sevall, Jacob Cameron"]
[Result "0-1"]
[WhiteElo "1876"]
[BlackElo "2115"]
[PlyCount "71"]
[EventDate "2016.08.02"]
[EventType "swiss"]
[EventRounds "9"]
[EventCountry "USA"]
[SourceTitle "EXT 2018"]
[Source "ChessBase"]
[SourceDate "2017.10.13"]
[SourceVersion "1"]
[SourceVersionDate "2017.10.13"]
[SourceQuality "1"]

1. e4 Nc6 2. d4 e5 3. d5 Nce7 4. Nf3 Ng6 5. Nc3 Bc5 6. Na4 Bb6 7. Nxb6 axb6 8. h4 d6 9. Bb5+ Bd7 10. Bg5 f6 11. Bxd7+ Qxd7 12. h5 Nf8 13. Bd2 Qb5 14. b3 h6 15. Nh4 Ne7 16. Qg4 Kf7 17. Rh3 Qd7 18. Qf3 c6 19. c4 b5 20. g4 Nh7 21. Nf5 Nxf5 22. gxf5 Ng5 23. Bxg5 fxg5 24. Qd1 c5 25. Qd3 b4 26. Rg3 Rhf8 27. f3 Kg8 28. Rg2 Ra5 29. Rd1 Rfa8 30. Rdd2 b5 31. Kf1 bxc4 32. Qxc4 Ra3 33. Kg1 R8a5 34. Rh2 Qa7 35. Qe2 c4+ 36. Qf2 0-1

[Event "San Francisco TNM Summer op"]
[Site "San Francisco"]
[Date "2016.06.07"]
[Round "3"]
[White "Byambaa, Uyanga"]
[Black "Mays, Jerry L"]
[Result "1-0"]
[WhiteElo "2210"]
[BlackElo "1945"]
[PlyCount "77"]
[EventDate "2016.05.24"]
[EventType "swiss"]
[EventRounds "8"]
[EventCountry "USA"]
[SourceTitle "EXT 2018"]
[Source "ChessBase"]
[SourceDate "2017.10.13"]
[SourceVersion "1"]
[SourceVersionDate "2017.10.13"]
[SourceQuality "1"]

1. e4 d6 2. d4 g6 3. Nc3 Bg7 4. f4 Nf6 5. Nf3 0-0 6. Bd3 Bg4 7. Be3 Nbd7 8. h3 Bxf3 9. Qxf3 e5 10. dxe5 dxe5 11. f5 Qe7 12. g4 c6 13. g5 Nh5 14. f6 Ndxf6 15. gxf6 Bxf6 16. 0-0-0 Nf4 17. Ne2 Qb4 18. a3 Nxd3+ 19. Rxd3 Qe7 20. Rhd1 Rfd8 21. Rxd8+ Rxd8 22. Rxd8+ Qxd8 23. Bxa7 b6 24. Bxb6 Qxb6 25. Qxf6 Qe3+ 26. Kd1 Qxe4 27. Qd8+ Kg7 28. Qd3 Qg2 29. a4 c5 30. a5 Qh1+ 31. Kd2 Qa8 32. a6 e4 33. Qd6 f5 34. Nf4 Kh6 35. Ne6 e3+ 36. Kxe3 Qe4+ 37. Kd2 Qb4+ 38. Kd1 Qxb2 39. Qf4+ 1-0

[Event "San Francisco TNM Summer op"]
[Site "San Francisco"]
[Date "2016.05.31"]
[Round "2"]
[White "Mays, Jerry L"]
[Black "Batzel, Grant"]
[Result "1-0"]
[WhiteElo "1945"]
[BlackElo "1261"]
[PlyCount "83"]
[EventDate "2016.05.24"]
[EventType "swiss"]
[EventRounds "8"]
[EventCountry "USA"]
[SourceTitle "EXT 2018"]
[Source "ChessBase"]
[SourceDate "2017.10.13"]
[SourceVersion "1"]
[SourceVersionDate "2017.10.13"]
[SourceQuality "1"]

1. e4 e6 2. d4 d5 3. e5 c5 4. c3 Nc6 5. Nf3 Bd7 6. Be2 cxd4 7. cxd4 Bb4+ 8. Nc3 Nge7 9. 0-0 a6 10. a3 Bxc3 11. bxc3 0-0 12. Bd3 f6 13. exf6 gxf6 14. Nh4 Rf7 15. Qh5 b5 16. Bh6 Qa5 17. Qg4+ Kh8 18. Qh5 Kg8 19. Qf3 e5 20. Bxh7+ Kxh7 21. Qh5 Kg8 22. Ng6 Qxc3 23. Bd2 Rh7 24. Nxe7+ Nxe7 25. Qxh7+ Kxh7 26. Bxc3 Rc8 27. Bb4 Nf5 28. dxe5 fxe5 29. Rfc1 Rc4 30. Rxc4 bxc4 31. Bc5 Ba4 32. Rc1 Kg6 33. Kf1 Kf6 34. Ke1 Bb3 35. Bb6 d4 36. g4 Nd6 37. f4 e4 38. Bxd4+ Ke6 39. h4 Nb5 40. Bb2 Kd5 41. h5 e3 42. h6 1-0

[Event "San Francisco TNM Spring op"]
[Site "San Francisco"]
[Date "2016.04.19"]
[Round "6"]
[White "Donaldson, Kyle Garrett"]
[Black "Mays, Jerry L"]
[Result "0-1"]
[WhiteElo "1434"]
[BlackElo "1986"]
[PlyCount "56"]
[EventDate "2016.03.15"]
[EventType "swiss"]
[EventRounds "8"]
[EventCountry "USA"]
[SourceTitle "EXT 2018"]
[Source "ChessBase"]
[SourceDate "2017.10.13"]
[SourceVersion "1"]
[SourceVersionDate "2017.10.13"]
[SourceQuality "1"]

1. e4 e5 2. Nf3 Nc6 3. d4 exd4 4. Nxd4 d6 5. Bc4 Ne5 6. Bb3 Nf6 7. Nc3 Be7 8. 0-0 0-0 9. f4 Bg4 10. Qe1 Ned7 11. e5 dxe5 12. fxe5 Bc5 13. Rf4 Re8 14. Qg3 Nxe5 15. Be3 Nc4 16. Bxc4 g5 17. Rxg4 Nxg4 18. Qxg4 Rxe3 19. Rd1 Qe7 20. h4 Rd8 21. Nd5 Re1+ 22. Kf2 Bxd4+ 23. Qxd4 Rxd5 24. Bxd5 Qe2+ 25. Kg3 Rxd1 26. Qc4 Qxc4 27. Bxc4 gxh4+ 28. Kxh4 Rd4+ 0-1

[Event "San Francisco TNM Spring op"]
[Site "San Francisco"]
[Date "2016.04.12"]
[Round "5"]
[White "Mays, Jerry L"]
[Black "McKellar, Daniel"]
[Result "1/2-1/2"]
[WhiteElo "1986"]
[BlackElo "1616"]
[PlyCount "120"]
[EventDate "2016.03.15"]
[EventType "swiss"]
[EventRounds "8"]
[EventCountry "USA"]
[SourceTitle "EXT 2018"]
[Source "ChessBase"]
[SourceDate "2017.10.13"]
[SourceVersion "1"]
[SourceVersionDate "2017.10.13"]
[SourceQuality "1"]

1. e4 c5 2. Nf3 g6 3. d4 cxd4 4. Nxd4 Nc6 5. c4 Bg7 6. Be3 Nf6 7. Nc3 Ng4 8. Nxc6 Nxe3 9. Nxd8 Nxd1 10. Nxd1 Kxd8 11. Be2 b6 12. 0-0 Bb7 13. Bd3 Bd4 14. Rc1 Rf8 15. Re1 f5 16. exf5 gxf5 17. Rc2 Rg8 18. Ne3 e6 19. g3 f4 20. Nf1 fxg3 21. hxg3 h5 22. Be4 Bxe4 23. Rxe4 Bf6 24. Rd2 Ke7 25. Ne3 Rad8 26. Nf5+ Kf8 27. Nh4 Rg4 28. Rxg4 hxg4 29. Ng2 Ke7 30. Ne3 Rg8 31. b4 Bc3 32. Re2 Kd6 33. a3 Rg5 34. Rc2 Bf6 35. Kf1 Ke7 36. Ke2 Bd4 37. Kd3 Bxe3 38. Kxe3 Rf5 39. Ra2 d5 40. cxd5 exd5 41. Kd4 Kd6 42. a4 Re5 43. a5 Re4+ 44. Kc3 b5 45. Ra1 Re2 46. Rf1 Ke5 47. f4+ gxf3 48. Rxf3 d4+ 49. Kd3 Rb2 50. Rf7 Rxb4 51. Rxa7 Rb3+ 52. Kc2 Rxg3 53. Rb7 Rc3+ 54. Kb2 Rc6 55. Rxb5+ Kd6 56. Rb3 Ra6 57. Ra3 Kc5 58. Kc2 Kb5 59. Kd3 Rxa5 60. Rxa5+ Kxa5 1/2-1/2

[Event "San Francisco TNM Spring op"]
[Site "San Francisco"]
[Date "2016.03.15"]
[Round "1"]
[White "Mays, Jerry L"]
[Black "Brown, Nicholas"]
[Result "1-0"]
[WhiteElo "1986"]
[BlackElo "1501"]
[PlyCount "61"]
[EventDate "2016.03.15"]
[EventType "swiss"]
[EventRounds "8"]
[EventCountry "USA"]
[SourceTitle "EXT 2018"]
[Source "ChessBase"]
[SourceDate "2017.10.13"]
[SourceVersion "1"]
[SourceVersionDate "2017.10.13"]
[SourceQuality "1"]

1. e4 e6 2. d4 d5 3. e5 c5 4. c3 Nc6 5. Nf3 cxd4 6. cxd4 Nge7 7. Bb5 Qb6 8. Nc3 Nf5 9. a3 g6 10. 0-0 Bg7 11. g4 Nfe7 12. Bg5 0-0 13. Bf6 a6 14. Ba4 Qxb2 15. Qd3 Qb6 16. Qe3 Qc7 17. h4 Bd7 18. Rac1 b5 19. Bxe7 Nxe7 20. Ne4 Qd8 21. Nf6+ Kh8 22. Bb3 Ng8 23. g5 h5 24. Rc5 Ne7 25. Rfc1 Rc8 26. R1c3 Nf5 27. Qc1 Bxf6 28. gxf6 Rxc5 29. Rxc5 Qb6 30. Bc2 Nxd4 31. Qh6+ 1-0

[Event "San Francisco TNM Winter op"]
[Site "San Francisco"]
[Date "2016.01.05"]
[Round "1"]
[White "Simpkins, Jerry"]
[Black "Mays, Jerry L"]
[Result "0-1"]
[WhiteElo "1512"]
[BlackElo "1982"]
[PlyCount "62"]
[EventDate "2016.01.05"]
[EventType "swiss"]
[EventRounds "8"]
[EventCountry "USA"]
[SourceTitle "EXT 2018"]
[Source "ChessBase"]
[SourceDate "2017.10.13"]
[SourceVersion "1"]
[SourceVersionDate "2017.10.13"]
[SourceQuality "1"]

1. e4 e5 2. d3 Nf6 3. f4 exf4 4. Bxf4 d6 5. Nf3 Nc6 6. Nc3 Be7 7. Be2 0-0 8. 0-0 Be6 9. d4 d5 10. e5 Ne4 11. Bd3 Bg4 12. Be3 Bg5 13. Bxg5 Nxg5 14. Be2 Ne4 15. Nd2 Bxe2 16. Nxe2 Qg5 17. Nxe4 dxe4 18. c3 Rad8 19. Ng3 Nxe5 20. Nxe4 Qe3+ 21. Nf2 Ng6 22. Qb3 b6 23. Rae1 Qg5 24. Nh3 Qd5 25. Qc2 c5 26. Rf5 Qxa2 27. Rh5 cxd4 28. Nf4 Rde8 29. Rd1 dxc3 30. Nd3 cxb2 31. Nxb2 Qe6 0-1